| 000 | 00932cam a22002771 4500 | ||
|---|---|---|---|
| 001 | 6144555 | ||
| 005 | 20060501105357.0 | ||
| 008 | 830103s1967 enk | b 001 0 eng d | ||
| 010 | _a 67102218 | ||
| 015 | _aB67-17239 | ||
| 035 | _a(OCoLC)9096158 | ||
| 040 |
_aDLC _cCU-L _dUk _dDLC |
||
| 043 | _an-us--- | ||
| 050 | 0 | 0 |
_aHC106.5 _b.G33 1967b |
| 082 |
_a338.0973 _bGAL _222 |
||
| 100 | 1 |
_aGalbraith, John Kenneth, _d1908-2006. _910435 |
|
| 245 | 1 | 4 |
_aThe New Industrial State/ _cJohn Kenneth Galbraith |
| 260 |
_aLondon: _bH. Hamilton, 1967 _c1967. |
||
| 300 |
_a427 p.; _c23 cm. |
||
| 500 | _aDonation | ||
| 500 | _aIncludes index | ||
| 650 | 0 |
_aIndustries _zUnited States. _910436 |
|
| 650 | 0 |
_aIndustrial policy _zUnited States. _910437 |
|
| 942 |
_2ddc _cBB |
||
| 999 |
_c13153 _d13153 |
||